Poznatky z Varšavy Zpráva o navštěvě v Polsku ve dnech 17.-21.5.1965
Uložené v:
| Hlavný autor: | |
|---|---|
| Médium: | Kniha |
| Jazyk: | Czech |
| Vydavateľské údaje: |
Praha
Ekon. ústav ČSAV
1965
|
| Vydanie: | 1. vyd. |
| Edícia: | Informační publikace
Č. 23 |
| Tagy: |
Žiadne tagy, Buďte prvý, kto otaguje tento záznam!
|
MARC
| LEADER | 00000nam a2200000 4500 | ||
|---|---|---|---|
| 001 | c040666 | ||
| 005 | 20250613082931.3 | ||
| 041 | 0 | |a cze | |
| 044 | |a CZ | ||
| 245 | 1 | 0 | |a Poznatky z Varšavy |b Zpráva o navštěvě v Polsku ve dnech 17.-21.5.1965 |c Ota Šik |
| 250 | |a 1. vyd. | ||
| 264 | 1 | |a Praha |b Ekon. ústav ČSAV |c 1965 | |
| 300 | |a 16 s. | ||
| 490 | 1 | |a Informační publikace |v Č. 23 | |
| 830 | 0 | |a Informační publikace |v Č. 23 | |
| 100 | 1 | |a Šik, Ota | |